[Event "BL 1213 SV Wattenscheid - SG Turm Trier"]
[Site "?"]
[Date "2013.02.24"]
[Round "10.1"]
[White "Sanikidze, Tornike"]
[Black "Bartel, Mateusz"]
[Result "1/2-1/2"]
[WhiteElo "2580"]
[BlackElo "2635"]
[PlyCount "48"]
[EventDate "2013.??.??"]

1. d4 d5 2. c4 e6 3. Nf3 c6 4. Qc2 dxc4 5. Qxc4 Nf6 6. Bg5 b5 7. Qc2 Bb7 8. e3
Nbd7 9. Bd3 a6 10. a4 Bb4+ 11. Nc3 c5 12. Bxf6 gxf6 13. Be4 Bxe4 14. Qxe4 f5
15. Qc6 cxd4 16. Nxd4 O-O 17. O-O Ne5 18. Qb7 Qd6 19. g3 Rab8 20. Qg2 Bxc3 21.
bxc3 bxa4 22. Rxa4 Rfc8 23. Rfa1 Rxc3 24. h3 Rb6 1/2-1/2

[Event "BL 1213 SV Wattenscheid - SG Turm Trier"]
[Site "?"]
[Date "2013.02.24"]
[Round "10.2"]
[White "Bogner, Sebastian"]
[Black "Bobras, Piotr"]
[Result "1/2-1/2"]
[WhiteElo "2558"]
[BlackElo "2560"]
[PlyCount "79"]
[EventDate "2013.??.??"]

1. d4 Nf6 2. c4 g6 3. Nf3 Bg7 4. g3 d5 5. cxd5 Nxd5 6. Bg2 Nb6 7. O-O Nc6 8. e3
O-O 9. Nc3 Re8 10. b3 e5 11. Nxe5 Nxe5 12. dxe5 Bxe5 13. Bb2 c6 14. Qc1 Qe7 15.
Ne4 Nd5 16. Bxe5 Qxe5 17. Qc5 Rd8 18. Rad1 Bf5 19. Rd4 Bxe4 20. Bxe4 Qe7 21.
Qxe7 Nxe7 22. Rfd1 Rxd4 23. Rxd4 Kf8 24. Kf1 Ke8 25. Ke2 Rd8 26. Kd3 Rxd4+ 27.
Kxd4 Kd7 28. f4 Kd6 29. g4 f6 30. g5 f5 31. Bf3 c5+ 32. Kc4 Nc6 33. h4 a6 34.
a3 b5+ 35. Kc3 Ne7 36. Bb7 Kc7 37. Bf3 Kd6 38. Bb7 Kc7 39. Ba8 Kd6 40. Bb7
1/2-1/2

[Event "BL 1213 SV Wattenscheid - SG Turm Trier"]
[Site "?"]
[Date "2013.02.24"]
[Round "10.4"]
[White "Appel, Ralf"]
[Black "Gordon, Stephen"]
[Result "1/2-1/2"]
[WhiteElo "2525"]
[BlackElo "2556"]
[PlyCount "89"]
[EventDate "2013.??.??"]

1. d4 Nf6 2. Nf3 e6 3. Bf4 b6 4. e3 Bb7 5. Bd3 Be7 6. h3 Ne4 7. O-O O-O 8. Bxe4
Bxe4 9. c4 d6 10. Nc3 Bb7 11. e4 Nd7 12. Re1 Bf6 13. Bg3 g6 14. Qe2 Bg7 15.
Rad1 h6 16. Rd2 Re8 17. Qd1 Nf8 18. e5 d5 19. Bh4 g5 20. Bg3 dxc4 21. Nh2 Ng6
22. Ng4 a6 23. a4 Re7 24. Ne3 Qe8 25. Nxc4 Rd8 26. Qe2 Red7 27. Red1 Ne7 28.
Ne3 c5 29. dxc5 Rxd2 30. Rxd2 bxc5 31. h4 Rd4 32. hxg5 hxg5 33. Nc2 Qc6 34. f3
Rxd2 35. Qxd2 Qb6 36. Ne3 Nf5 37. Nxf5 exf5 38. Qxg5 Qxb2 39. Qd8+ Kh7 40. Nd5
Qc1+ 41. Kh2 Qh6+ 42. Kg1 Qc1+ 43. Kh2 Qh6+ 44. Kg1 Qc1+ 45. Kh2 1/2-1/2

[Event "BL 1213 SV Wattenscheid - SG Turm Trier"]
[Site "?"]
[Date "2013.02.24"]
[Round "10.5"]
[White "Jaracz, Pawel"]
[Black "Handke, Florian"]
[Result "1/2-1/2"]
[WhiteElo "2541"]
[BlackElo "2556"]
[PlyCount "63"]
[EventDate "2013.??.??"]

1. d4 d5 2. c4 c6 3. Nf3 Nf6 4. Nc3 a6 5. a4 e6 6. Bg5 Be7 7. e3 a5 8. Be2 Na6
9. O-O O-O 10. Qb3 Nb4 11. Na2 Nxa2 12. Qxa2 h6 13. Bh4 Nd7 14. Bg3 b6 15. cxd5
exd5 16. Rac1 Bb7 17. Bd3 Ra7 18. Rfd1 Kh8 19. Qb3 Bb4 20. Bb1 g6 21. e4 Ba8
22. Qe3 Kg7 23. Bf4 Rh8 24. e5 Nf8 25. h4 Ne6 26. h5 Be7 27. Bg3 Bg5 28. Nxg5
hxg5 29. hxg6 fxg6 30. f3 Rf7 31. Kf2 Rh6 32. Rh1 1/2-1/2

[Event "BL 1213 SV Wattenscheid - SG Turm Trier"]
[Site "?"]
[Date "2013.02.24"]
[Round "10.6"]
[White "Dinstuhl, Volkmar Dr"]
[Black "Haslinger, Stewart"]
[Result "1/2-1/2"]
[WhiteElo "2409"]
[BlackElo "2535"]
[PlyCount "123"]
[EventDate "2013.??.??"]

1. d4 d5 2. c4 e6 3. Nc3 Be7 4. Nf3 Nf6 5. cxd5 exd5 6. Bf4 O-O 7. e3 Bf5 8.
Qb3 Nc6 9. a3 Na5 10. Qa2 c5 11. dxc5 Bxc5 12. Be2 Be6 13. Nd4 Bxd4 14. exd4
Ne4 15. O-O Qh4 16. Bc7 b6 17. Nxe4 Qxe4 18. b4 Rac8 19. Bf3 Qxd4 20. bxa5 Rxc7
21. axb6 axb6 22. Rfd1 Qa4 23. Bxd5 Rc2 24. Qb1 Bxd5 25. Rxd5 Qc6 26. h3 Qf6
27. Qe1 Rxf2 28. Qxf2 Qxa1+ 29. Kh2 Qxa3 30. Qxb6 Qe7 31. Qd6 Qh4 32. Rb5 h5
33. Rb8 Rxb8 34. Qxb8+ Kh7 35. Qe5 g6 36. Qd6 Qf2 37. Qe5 Qh4 38. Qd6 Kg7 39.
Qe5+ Qf6 40. Qc7 Qd4 41. Qb8 g5 42. Qc8 Qf4+ 43. Kg1 Qe3+ 44. Kf1 Qd4 45. Qe8
g4 46. hxg4 hxg4 47. Qb8 Qe3 48. g3 f6 49. Qc7+ Kg6 50. Qc2+ Kg5 51. Kg2 Qf3+
52. Kh2 Qd5 53. Qc7 Qd2+ 54. Kg1 Qe1+ 55. Kg2 Qe2+ 56. Kg1 Kg6 57. Qd6 Qc2 58.
Qb8 Qd1+ 59. Kg2 Qe2+ 60. Kg1 Qe3+ 61. Kg2 Qe4+ 62. Kg1 1/2-1/2

[Event "BL 1213 SV Wattenscheid - SG Turm Trier"]
[Site "?"]
[Date "2013.02.24"]
[Round "10.7"]
[White "Cioara, Andrei Nestor"]
[Black "Tereick, Benjamin"]
[Result "0-1"]
[WhiteElo "2483"]
[BlackElo "2398"]
[PlyCount "50"]
[EventDate "2013.??.??"]

1. d4 d5 2. c4 dxc4 3. e4 Nf6 4. Nc3 e5 5. d5 a6 6. a4 Bb4 7. Qc2 c6 8. Bxc4
cxd5 9. exd5 Nxd5 10. Qb3 Be6 11. Bd2 Nc6 12. Bxd5 Bxd5 13. Nxd5 Bxd2+ 14. Kf1
Nd4 15. Qa2 O-O 16. Ne2 Rc8 17. Rd1 Bh6 18. Nxd4 exd4 19. g3 Qe8 20. Rxd4 Qe5
21. Rd1 Rc2 22. Re1 Qd4 23. Ne3 Qd3+ 24. Kg1 Bxe3 25. Rxe3 Qf5 0-1

[Event "BL 1213 SV Wattenscheid - SG Turm Trier"]
[Site "?"]
[Date "2013.02.24"]
[Round "10.8"]
[White "Straeter, Timo"]
[Black "Seger, Ruediger"]
[Result "1/2-1/2"]
[WhiteElo "2360"]
[BlackElo "2390"]
[PlyCount "133"]
[EventDate "2013.??.??"]

1. Nf3 Nf6 2. c4 g6 3. Nc3 d5 4. cxd5 Nxd5 5. e4 Nxc3 6. dxc3 Qxd1+ 7. Kxd1 f6
8. Kc2 e5 9. Be3 Nd7 10. Nd2 Bc5 11. Bxc5 Nxc5 12. b4 Ne6 13. Nc4 Bd7 14. a4
Ke7 15. f3 Rad8 16. Ne3 c6 17. Bc4 Bc8 18. Rhd1 h5 19. h4 Rxd1 20. Rxd1 Rd8 21.
Re1 Ng7 22. g3 Be6 23. f4 Bxc4 24. Nxc4 Ke6 25. fxe5 fxe5 26. Na5 Rd7 27. Rd1
Rc7 28. Rd8 Kf6 29. Rf8+ Ke6 30. Rg8 Kf6 31. Rf8+ Ke6 32. Nc4 Re7 33. Ra8 b6
34. Rg8 Rc7 35. Rd8 Kf6 36. Rf8+ Ke6 37. Kd3 Ke7 38. Rb8 Ke6 39. a5 b5 40. Nd2
Re7 41. c4 bxc4+ 42. Kxc4 Ne8 43. Kc5 Nf6 44. Kxc6 Rd7 45. Nb3 Rd6+ 46. Kb5
Nxe4 47. a6 Rd7 48. Rb7 Nc3+ 49. Kc4 Ne4 50. Kb5 Nc3+ 51. Ka5 Kd6 52. Nc5 Rc7
53. Ne6 Re7 54. Nf8 e4 55. b5 e3 56. Rxe7 Kxe7 57. Nxg6+ Kd6 58. Nf4 Nd5 59.
Nd3 Nb6 60. Kb4 Kd5 61. Kc3 Ke4 62. Ne1 Nd5+ 63. Kc4 e2 64. Kc5 Nb6 65. Kc6 Ke3
66. Kb7 Kd2 67. Ng2 1/2-1/2

[Event "BL 1213 Wiesbadener SV - SV Hockenheim"]
[Site "?"]
[Date "2013.02.24"]
[Round "10.1"]
[White "Karpov, Anatoly"]
[Black "Alekseev, Evgeny"]
[Result "1/2-1/2"]
[WhiteElo "2616"]
[BlackElo "2683"]
[PlyCount "127"]
[EventDate "2013.??.??"]

1. d4 Nf6 2. c4 e6 3. Nf3 d5 4. e3 Be7 5. Nbd2 O-O 6. b3 c5 7. Bb2 Nc6 8. cxd5
Nxd5 9. dxc5 Bxc5 10. a3 b6 11. b4 Be7 12. Rc1 Bb7 13. Bc4 Bf6 14. Qb3 Bxb2 15.
Qxb2 Nf6 16. O-O Qe7 17. Rc2 Rac8 18. Rfc1 Nb8 19. Be2 Rfd8 20. Rxc8 Rxc8 21.
Rxc8+ Bxc8 22. Qe5 Nc6 23. Qc3 Bb7 24. Bb5 Nd5 25. Qc2 Nb8 26. Qb2 Qc7 27. Bc4
Nd7 28. h3 a6 29. Bd3 b5 30. Qc2 Qxc2 31. Bxc2 Nc3 32. Nd4 Kf8 33. f3 Ke7 34.
e4 g5 35. Kf2 h5 36. Ke3 h4 37. Kd3 Na4 38. Bxa4 Ne5+ 39. Ke3 bxa4 40. f4 gxf4+
41. Kxf4 Nd3+ 42. Kg5 Nf2 43. e5 Bxg2 44. Kxh4 Bd5 45. Kg3 Nd3 46. N2f3 Kf8 47.
Kg4 Kg7 48. Kg5 Nf2 49. h4 Ne4+ 50. Kf4 Nc3 51. Nd2 Kh6 52. Ke3 Kh5 53. Kd3 Nd1
54. b5 axb5 55. Nxb5 Kxh4 56. Nd6 Kg4 57. Nxf7 Kf4 58. Nc4 Nf2+ 59. Kd4 Ng4 60.
Nb6 Bb3 61. Nd7 Ne3 62. Nc5 Nc2+ 63. Kc3 Nxa3 64. Kd4 1/2-1/2

[Event "BL 1213 Wiesbadener SV - SV Hockenheim"]
[Site "?"]
[Date "2013.02.24"]
[Round "10.3"]
[White "Baramidze, David"]
[Black "Kurnosov, Igor"]
[Result "1/2-1/2"]
[WhiteElo "2615"]
[BlackElo "2660"]
[PlyCount "54"]
[EventDate "2013.??.??"]

1. d4 Nf6 2. c4 g6 3. Nc3 d5 4. Nf3 Bg7 5. cxd5 Nxd5 6. e4 Nxc3 7. bxc3 c5 8.
Be3 O-O 9. Qd2 Qa5 10. Rc1 Bg4 11. Be2 Nd7 12. O-O cxd4 13. cxd4 Qxd2 14. Bxd2
Rfc8 15. Be3 Nb6 16. h3 Bd7 17. Bd2 Kf8 18. a3 Ke8 19. Bd3 e6 20. Rb1 Bc6 21.
Rfe1 Kf8 22. Bb5 Kg8 23. Bxc6 Rxc6 24. d5 exd5 25. exd5 Rd6 26. Re7 Nxd5 27.
Rexb7 Rb6 1/2-1/2

[Event "BL 1213 Wiesbadener SV - SV Hockenheim"]
[Site "?"]
[Date "2013.02.24"]
[Round "10.4"]
[White "Mista, Aleksander"]
[Black "Saric, Ivan"]
[Result "1/2-1/2"]
[WhiteElo "2543"]
[BlackElo "2625"]
[PlyCount "81"]
[EventDate "2013.??.??"]

1. c4 g6 2. g3 Bg7 3. Bg2 c5 4. Nc3 Nc6 5. Nf3 e6 6. d3 Nge7 7. Bg5 h6 8. Bd2
O-O 9. a3 d5 10. Rb1 a5 11. O-O b6 12. Qc1 Kh7 13. Qc2 Bb7 14. Na4 Nf5 15. e3
Qc7 16. Qb3 dxc4 17. Qxb6 Qxb6 18. Nxb6 Rad8 19. Nxc4 Rxd3 20. Nxa5 Nxa5 21.
Bxa5 Rb8 22. Bc3 Ba6 23. Bxg7 Kxg7 24. Rfc1 Rdb3 25. Rxc5 Rxa3 26. Bf1 Bxf1 27.
Kxf1 Rab3 28. g4 Nd6 29. Rc2 R3b4 30. Nd4 R8b6 31. Rd1 e5 32. Nf3 Kf6 33. Rd5
e4 34. Nd4 Nc4 35. b3 Ne5 36. h3 Nf3 37. Rc3 Nxd4 38. Rxd4 Rxd4 39. exd4 Rb4
40. Ke2 Rxd4 41. Ke3 1/2-1/2

[Event "BL 1213 Wiesbadener SV - SV Hockenheim"]
[Site "?"]
[Date "2013.02.24"]
[Round "10.5"]
[White "Ribli, Zoltan"]
[Black "Tazbir, Marcin"]
[Result "1-0"]
[WhiteElo "2554"]
[BlackElo "2555"]
[PlyCount "57"]
[EventDate "2013.??.??"]

1. Nf3 Nf6 2. c4 g6 3. Nc3 d5 4. cxd5 Nxd5 5. Qb3 Nb6 6. d4 Bg7 7. Bf4 O-O 8.
Rd1 c6 9. e4 Be6 10. d5 cxd5 11. exd5 Bg4 12. Be2 N8d7 13. h3 Bxf3 14. Bxf3 Rc8
15. O-O Nc5 16. Qb4 Nbd7 17. Rfe1 Re8 18. d6 e6 19. Ne4 Nxe4 20. Bxe4 Qf6 21.
Be3 b6 22. Qa4 Red8 23. b4 Qh4 24. Bc6 Ne5 25. Bb5 Nc4 26. d7 Rc7 27. Bxc4 Qxc4
28. Bg5 f6 29. Rc1 1-0

[Event "BL 1213 Wiesbadener SV - SV Hockenheim"]
[Site "?"]
[Date "2013.02.24"]
[Round "10.6"]
[White "Bulski, Krzysztof"]
[Black "Banusz, Tamas"]
[Result "1/2-1/2"]
[WhiteElo "2547"]
[BlackElo "2580"]
[PlyCount "43"]
[EventDate "2013.??.??"]

1. Nf3 Nf6 2. c4 e6 3. g3 d5 4. Bg2 d4 5. e3 c5 6. exd4 cxd4 7. O-O Nc6 8. d3
Bd6 9. Na3 O-O 10. Nc2 e5 11. b4 a6 12. Re1 Re8 13. a3 h6 14. Rb1 Rb8 15. Nd2
Bf5 16. Ne4 Nxe4 17. Bxe4 Qd7 18. b5 Ne7 19. Bd2 Bg4 20. Bf3 Bf5 21. Be4 Bg4
22. Bf3 1/2-1/2

[Event "BL 1213 Wiesbadener SV - SV Hockenheim"]
[Site "?"]
[Date "2013.02.24"]
[Round "10.7"]
[White "Boguslavsky, Oleg"]
[Black "Poetsch, Hagen"]
[Result "1/2-1/2"]
[WhiteElo "2445"]
[BlackElo "2466"]
[PlyCount "70"]
[EventDate "2013.??.??"]

1. e4 e6 2. d4 d5 3. e5 c5 4. c3 Qb6 5. Nf3 Nc6 6. Be2 cxd4 7. cxd4 Nh6 8. Nc3
Nf5 9. Na4 Qa5+ 10. Bd2 Bb4 11. Bc3 Bxc3+ 12. Nxc3 Qb6 13. Bb5 Bd7 14. Bxc6
Bxc6 15. Qd2 Bb5 16. O-O-O O-O 17. Kb1 a5 18. h4 Bc4 19. h5 Qd8 20. g4 Ne7 21.
h6 g6 22. Qf4 Nc6 23. Qf6 Qxf6 24. exf6 a4 25. Rd2 Rfc8 26. Rc1 b5 27. Ne5 Nxe5
28. dxe5 b4 29. Ne2 Kf8 30. Re1 Bxe2 31. Rexe2 Rc4 32. b3 Rxg4 33. bxa4 Ke8 34.
Rc2 Kd7 35. Rc5 Rc4 1/2-1/2

[Event "BL 1213 Wiesbadener SV - SV Hockenheim"]
[Site "?"]
[Date "2013.02.24"]
[Round "10.8"]
[White "Geske, Julian"]
[Black "Gasthofer, Alexander"]
[Result "1-0"]
[WhiteElo "2401"]
[BlackElo "2441"]
[PlyCount "109"]
[EventDate "2013.??.??"]

1. e4 e6 2. d4 d5 3. Nd2 dxe4 4. Nxe4 Nd7 5. Bd3 Ngf6 6. Qe2 c5 7. Nxc5 Nxc5 8.
dxc5 Bxc5 9. Nf3 O-O 10. Bg5 h6 11. Bh4 Qa5+ 12. c3 Nd5 13. O-O Nf4 14. Qe4
Nxd3 15. Qxd3 Qc7 16. b4 Be7 17. Bxe7 Qxe7 18. Rfd1 a5 19. Qd6 Qxd6 20. Rxd6
axb4 21. cxb4 Ra6 22. Rxa6 bxa6 23. Nd2 Bb7 24. Nb3 Bd5 25. Nc5 Rb8 26. Nxa6
Rb6 27. Nc5 Rxb4 28. a4 Kf8 29. a5 Ke7 30. f3 Kd6 31. Nd3 Rd4 32. Ra3 Bc4 33.
a6 Bd5 34. Kf2 Ba8 35. Ke3 Rc4 36. Ra2 g5 37. g3 f6 38. a7 Kc7 39. Ra6 Rc6 40.
Rxc6+ Kxc6 41. f4 gxf4+ 42. Kxf4 Kb6 43. Nf2 e5+ 44. Kf5 Kxa7 45. Ng4 e4 46.
Kf4 Kb6 47. Nxf6 Kc5 48. Nxe4+ Kd5 49. Kf5 Kd4 50. Nf6 Ke3 51. h4 Bc6 52. g4
Bf3 53. Kg6 h5 54. Kxh5 Kf4 55. Kg6 1-0

[Event "BL 1213 SV Griesheim - SC Eppingen"]
[Site "?"]
[Date "2013.02.24"]
[Round "10.1"]
[White "Berkes, Ferenc"]
[Black "Piorun, Kacper"]
[Result "1-0"]
[WhiteElo "2679"]
[BlackElo "2520"]
[PlyCount "173"]
[EventDate "2013.??.??"]

1. d4 Nf6 2. c4 g6 3. Nc3 Bg7 4. e4 d6 5. Nf3 O-O 6. Be2 e5 7. O-O Na6 8. Re1
c6 9. Bf1 exd4 10. Nxd4 Qb6 11. Na4 Qa5 12. Bd2 Qh5 13. Qxh5 Nxh5 14. Nb3 Re8
15. Rad1 Be6 16. Bc3 Rad8 17. f3 Nc7 18. Bxg7 Nxg7 19. Nc3 g5 20. e5 dxe5 21.
Ne4 Rf8 22. Nxg5 Rxd1 23. Rxd1 Bc8 24. Nc5 Nce6 25. Ngxe6 Nxe6 26. Nxe6 Bxe6
27. Re1 f6 28. f4 Re8 29. fxe5 Bf5 30. Kf2 Rxe5 31. Rxe5 fxe5 32. Ke3 Kg7 33.
c5 h6 34. b4 Be6 35. a4 Bb3 36. a5 a6 37. Be2 Be6 38. Kf2 Kf6 39. Kg3 Kg5 40.
Bd3 Bd5 41. Bh7 Kf6 42. Kf2 Kg5 43. Kg3 Kf6 44. Kf2 Kg5 45. Bd3 Kg4 46. h3+ Kf4
47. g3+ Kg5 48. Bf1 Kf5 49. Ke3 Kg5 50. Be2 Be6 51. h4+ Kf6 52. Bf3 Bd7 53. Bd1
Be6 54. Be2 Bd7 55. Kf3 Be6 56. Bd3 Kg7 57. g4 Kf6 58. Kg3 Bd7 59. Bc4 Bc8 60.
Bf1 Be6 61. Bh3 Bc4 62. Kf3 Bd5+ 63. Kf2 Bc4 64. Ke3 Bd5 65. Kd3 Bb3 66. Ke4
Bd5+ 67. Ke3 Bc4 68. Kd2 Bb5 69. Bg2 Bc4 70. Ke3 Be6 71. Bf3 Bd7 72. Bd1 Be6
73. Be2 Ba2 74. Bd1 Bc4 75. Bf3 Ba2 76. b5 cxb5 77. Bxb7 b4 78. Bxa6 Bd5 79.
Bd3 b3 80. Bb1 Bb7 81. Kd3 e4+ 82. Kd4 Ke6 83. Kc3 Kd5 84. h5 Kxc5 85. g5 Bd5
86. gxh6 e3 87. h7 1-0

[Event "BL 1213 SV Griesheim - SC Eppingen"]
[Site "?"]
[Date "2013.02.24"]
[Round "10.2"]
[White "Farago, Ivan"]
[Black "Balogh, Csaba"]
[Result "0-1"]
[WhiteElo "2488"]
[BlackElo "2664"]
[PlyCount "66"]
[EventDate "2013.??.??"]

1. d4 Nf6 2. c4 e6 3. Nf3 Bb4+ 4. Bd2 c5 5. Bxb4 cxb4 6. Qd3 O-O 7. Nbd2 d6 8.
e4 Qc7 9. Be2 e5 10. O-O Bg4 11. Ne1 Bxe2 12. Qxe2 exd4 13. Nc2 Nc6 14. Qd3 Qb6
15. b3 Rfe8 16. Rfe1 Nd7 17. Qg3 Re6 18. Nf3 Rae8 19. Rad1 Nf6 20. Ng5 R6e7 21.
f3 h6 22. Nh3 d3+ 23. Ne3 Nxe4 24. fxe4 Rxe4 25. Rxd3 Ne5 26. c5 Qxc5 27. Rd5
Qc3 28. Rdd1 Ng4 29. Nf1 Rxe1 30. Qxg4 Qc5+ 31. Nf2 R8e2 32. Rd4 Rxf2 33. Kxf2
f5 0-1

[Event "BL 1213 SV Griesheim - SC Eppingen"]
[Site "?"]
[Date "2013.02.24"]
[Round "10.3"]
[White "Postny, Evgeny"]
[Black "Izsak, Gyula"]
[Result "1-0"]
[WhiteElo "2647"]
[BlackElo "2471"]
[PlyCount "87"]
[EventDate "2013.??.??"]

1. d4 Nf6 2. c4 e6 3. Nf3 b6 4. g3 Bb7 5. Bg2 Be7 6. Nc3 d5 7. cxd5 exd5 8. O-O
O-O 9. Bf4 c6 10. Qc2 Re8 11. Rad1 Nbd7 12. Rfe1 Nf8 13. e4 Nxe4 14. Nxe4 dxe4
15. Ne5 Bd6 16. Bxe4 Bxe5 17. dxe5 Qe7 18. e6 Rad8 19. Rxd8 Rxd8 20. exf7+ Qxf7
21. b4 h6 22. Bxc6 Bxc6 23. Qxc6 Qxa2 24. Re7 Qb1+ 25. Kg2 Qf5 26. Rxa7 Ng6 27.
Bc7 Rd2 28. Qc4+ Kh7 29. Bxb6 Ne5 30. Qf4 Qxf4 31. gxf4 Nd3 32. Be3 Rb2 33. Rd7
Ne1+ 34. Kf1 Nc2 35. Bd2 Nxb4 36. Bc3 Rb3 37. Rxg7+ Kh8 38. Rg3+ Kh7 39. Rg7+
Kh8 40. Rg3+ Kh7 41. Be5 Rb1+ 42. Kg2 h5 43. Rg7+ Kh6 44. Rb7 1-0

[Event "BL 1213 SV Griesheim - SC Eppingen"]
[Site "?"]
[Date "2013.02.24"]
[Round "10.4"]
[White "Horvath, Peter"]
[Black "Acs, Peter"]
[Result "1/2-1/2"]
[WhiteElo "2434"]
[BlackElo "2586"]
[PlyCount "70"]
[EventDate "2013.??.??"]

1. d4 Nf6 2. c4 e6 3. Nc3 Bb4 4. Bg5 h6 5. Bh4 b6 6. f3 c5 7. d5 O-O 8. e4 Re8
9. Be2 d6 10. Nh3 e5 11. Nf2 g5 12. Bg3 Bxc3+ 13. bxc3 Nbd7 14. Qc2 Nf8 15. Nd1
Ng6 16. Ne3 Bd7 17. Bf2 a6 18. Rb1 Rb8 19. a4 Nh5 20. g3 Ng7 21. O-O Rf8 22.
Bd3 Ne7 23. Ng4 Kh7 24. Nf6+ Kh8 25. Be3 Bh3 26. Rfe1 Ng6 27. Ng4 h5 28. Nf2
Bd7 29. Rb2 f6 30. Reb1 a5 31. Qd1 Rb7 32. Bf1 f5 33. exf5 Bxf5 34. Bd3 Bxd3
35. Qxd3 Nf5 1/2-1/2

[Event "BL 1213 SV Griesheim - SC Eppingen"]
[Site "?"]
[Date "2013.02.24"]
[Round "10.5"]
[White "Ruck, Robert"]
[Black "Grabarczyk, Miroslaw"]
[Result "0-1"]
[WhiteElo "2567"]
[BlackElo "2450"]
[PlyCount "172"]
[EventDate "2013.??.??"]

1. c4 e6 2. Nf3 d5 3. g3 Nf6 4. Bg2 Be7 5. O-O O-O 6. d4 c6 7. Qc2 a5 8. Nbd2
b5 9. c5 Na6 10. a3 Nc7 11. Ne5 Bd7 12. Nb3 a4 13. Nd2 Be8 14. Nb1 Qc8 15. Nc3
Qb7 16. Bf4 Nd7 17. Nd3 Nf6 18. h3 Bd7 19. g4 Rfd8 20. e3 Be8 21. Bg3 Nd7 22.
Rae1 Nf8 23. f3 f6 24. Qf2 Bf7 25. Kh1 Rd7 26. Rg1 Ne8 27. Na2 Bd8 28. Nab4 Ba5
29. Re2 Rad8 30. g5 fxg5 31. Ne5 Rc7 32. h4 gxh4 33. Bxh4 Ra8 34. Bh3 Bxb4 35.
axb4 a3 36. bxa3 Rxa3 37. Qg3 Qc8 38. Bg5 Ng6 39. Rh2 Rca7 40. Bf4 Ra1 41. Nxf7
Rxg1+ 42. Kxg1 Kxf7 43. e4 Ra1+ 44. Bf1 Qd7 45. Be3 Nf8 46. Rg2 Ng6 47. Rh2 Nf8
48. Rg2 Kg8 49. Qf2 Qf7 50. Qb2 Qa7 51. Bc1 Ng6 52. Kh2 Nh4 53. Rf2 Nxf3+ 54.
Rxf3 Ra2 55. Bh3 Rxb2+ 56. Bxb2 Qe7 57. e5 Qh4 58. Bc1 Nc7 59. Be3 h6 60. Bf2
Qe4 61. Ra3 Qc2 62. Kg2 Qe4+ 63. Kh2 Qc2 64. Kg2 Qg6+ 65. Kh2 Qf7 66. Kg2 Kh7
67. Ra7 g5 68. Bg4 Kg6 69. Be3 h5 70. Be2 Qd7 71. Bd3+ Kh6 72. Ra1 Ne8 73. Rf1
Qe7 74. Kg3 Kg7 75. Rh1 Qa7 76. Bxg5 Qa3 77. Rd1 Kg8 78. Kh4 Ng7 79. Bh6 Qb3
80. Rd2 Qxb4 81. Kh3 Qc3 82. Kh2 h4 83. Bf4 Kf7 84. Be2 b4 85. Bd1 b3 86. Rf2
Nf5 0-1

[Event "BL 1213 SV Griesheim - SC Eppingen"]
[Site "?"]
[Date "2013.02.24"]
[Round "10.7"]
[White "Braun, Arik"]
[Black "Walter, Stefan"]
[Result "1-0"]
[WhiteElo "2556"]
[BlackElo "2358"]
[PlyCount "85"]
[EventDate "2013.??.??"]

1. d4 Nf6 2. c4 e6 3. Nc3 Bb4 4. e3 O-O 5. Nge2 d5 6. a3 Bd6 7. Nf4 b6 8. Qf3
Bb7 9. Bd2 Nbd7 10. cxd5 exd5 11. Nfxd5 Nxd5 12. Nxd5 Kh8 13. e4 f5 14. Bc4
fxe4 15. Qh3 Nf6 16. Ne3 Bf4 17. Bb4 Qxd4 18. Bxf8 Rxf8 19. Rd1 Qxb2 20. O-O
Bc8 21. Be6 Bxe6 22. Qxe6 Bxe3 23. fxe3 Qxa3 24. Kh1 h6 25. h3 Re8 26. Qc6 Qe7
27. Rc1 Qe5 28. Qxc7 Qxc7 29. Rxc7 a5 30. Rd1 Re5 31. Kg1 Nd5 32. Rc8+ Kh7 33.
Kf2 a4 34. g4 Nb4 35. Rd7 Nd3+ 36. Kg3 Nc5 37. Ra7 b5 38. Rcc7 Ne6 39. Re7 Kg6
40. h4 h5 41. gxh5+ Kh7 42. h6 a3 43. hxg7 1-0

[Event "BL 1213 SV Griesheim - SC Eppingen"]
[Site "?"]
[Date "2013.02.24"]
[Round "10.8"]
[White "Koehler, Ronald"]
[Black "Guliyev, Namig"]
[Result "1/2-1/2"]
[WhiteElo "2264"]
[BlackElo "2546"]
[PlyCount "125"]
[EventDate "2013.??.??"]

1. d4 d5 2. c4 dxc4 3. e4 b5 4. a4 c6 5. axb5 cxb5 6. Nc3 Bd7 7. Nf3 e6 8. Be2
Bb4 9. O-O Ne7 10. d5 O-O 11. Ne5 Bxc3 12. bxc3 Ng6 13. Nxg6 hxg6 14. Qd4 Qc7
15. Ba3 Re8 16. Ra2 a5 17. Rfa1 e5 18. Qc5 Qxc5 19. Bxc5 a4 20. Ba3 Na6 21. f3
g5 22. Kf2 f6 23. h3 Rec8 24. Rb1 Kf7 25. Ke3 Nc5 26. Rab2 f5 27. Rf1 Rab8 28.
Rfb1 Kf6 29. Rh1 Rb7 30. Rhb1 g6 31. Rf1 Rbb8 32. Rfb1 g4 33. hxg4 fxe4 34.
fxe4 Kg5 35. Rf1 Bxg4 36. Bxg4 Kxg4 37. Rf6 Nd3 38. Rb1 g5 39. Rf5 Rb7 40. Bd6
Rd8 41. Bf8 Nf4 42. Rf1 Rh7 43. d6 a3 44. Be7 Rg8 45. Rxe5 Nxg2+ 46. Kd4 Rh3
47. Rxb5 Rd3+ 48. Ke5 Ra8 49. Ra1 Nf4 50. Kf6 Kf3 51. Rxg5 Kxe4 52. Re5+ Kf3
53. Rf1+ Kg2 54. Rxf4 a2 55. Re2+ Kg3 56. Rxa2 Rxa2 57. Rxc4 Rc2 58. Ke6 Rcxc3
59. Rxc3 Rxc3 60. d7 Re3+ 61. Kd5 Rd3+ 62. Kc6 Rxd7 63. Kxd7 1/2-1/2

[Event "BL 1213 Hamburger SK - Schachfr. Berlin"]
[Site "?"]
[Date "2013.02.24"]
[Round "10.1"]
[White "Melkumyan, Hrant"]
[Black "Wojtaszek, Radoslav"]
[Result "0-1"]
[WhiteElo "2649"]
[BlackElo "2733"]
[PlyCount "92"]
[EventDate "2013.??.??"]

1. d4 Nf6 2. c4 e6 3. Nf3 b6 4. g3 Bb7 5. Bg2 Be7 6. O-O O-O 7. Nc3 Ne4 8. Bd2
Bf6 9. Ne5 Nxc3 10. Bxc3 Bxg2 11. Kxg2 d5 12. Qa4 Qe8 13. Qxe8 Rxe8 14. cxd5
exd5 15. e3 a5 16. Rac1 Bxe5 17. dxe5 Na6 18. Rfd1 Rad8 19. f4 c5 20. Kf3 Rd7
21. g4 Red8 22. Be1 Nc7 23. Rc2 f6 24. exf6 gxf6 25. f5 Kf7 26. h4 Nb5 27. a4
Na7 28. Bg3 Nc6 29. Rcd2 Ne7 30. Kf4 Nc6 31. g5 d4 32. gxf6 h5 33. exd4 Kxf6
34. Bf2 Rd5 35. Ke4 cxd4 36. Bg3 Rxf5 37. Bc7 Re8+ 38. Kd3 Nb4+ 39. Kxd4 Rd5+
40. Kc4 Rc5+ 41. Kd4 Rxc7 42. Rf1+ Kg6 43. Rg2+ Kh7 44. Rf5 Rd8+ 45. Ke4 Rc4+
46. Ke5 Rd5+ 0-1

[Event "BL 1213 Hamburger SK - Schachfr. Berlin"]
[Site "?"]
[Date "2013.02.24"]
[Round "10.2"]
[White "Kempinski, Robert"]
[Black "Antoniewski, Rafal"]
[Result "1/2-1/2"]
[WhiteElo "2602"]
[BlackElo "2552"]
[PlyCount "41"]
[EventDate "2013.??.??"]

1. Nf3 c5 2. c4 g6 3. Nc3 Bg7 4. g3 Nc6 5. Bg2 e6 6. O-O Nge7 7. e3 O-O 8. d4
cxd4 9. Nxd4 Nxd4 10. exd4 d5 11. cxd5 Nxd5 12. Nxd5 exd5 13. Be3 Be6 14. Qb3
Qb6 15. Rfc1 Bxd4 16. Bxd4 Qxd4 17. Rd1 Qf6 18. Bxd5 Bxd5 19. Rxd5 Rfe8 20. Rd3
b6 21. Rf3 1/2-1/2

[Event "BL 1213 Hamburger SK - Schachfr. Berlin"]
[Site "?"]
[Date "2013.02.24"]
[Round "10.3"]
[White "Maksimenko, Andrei"]
[Black "Ernst, Sipke"]
[Result "1/2-1/2"]
[WhiteElo "2547"]
[BlackElo "2554"]
[PlyCount "47"]
[EventDate "2013.??.??"]

1. d4 d5 2. c4 c6 3. Nf3 Nf6 4. cxd5 cxd5 5. Nc3 Nc6 6. Bf4 Ne4 7. e3 Nxc3 8.
bxc3 g6 9. Be2 Bg7 10. O-O O-O 11. c4 dxc4 12. Bxc4 Bf5 13. Rc1 Rc8 14. Qe2 e6
15. Qb2 Qe7 16. h3 Be4 17. Rfd1 Bxf3 18. gxf3 Rfd8 19. Bf1 h5 20. Qb5 e5 21.
dxe5 Rxd1 22. Rxd1 Bxe5 23. Bxe5 Nxe5 24. Bg2 1/2-1/2

[Event "BL 1213 Hamburger SK - Schachfr. Berlin"]
[Site "?"]
[Date "2013.02.24"]
[Round "10.4"]
[White "Hansen, Sune Berg"]
[Black "Schneider, Ilja"]
[Result "1-0"]
[WhiteElo "2566"]
[BlackElo "2489"]
[PlyCount "45"]
[EventDate "2013.??.??"]

1. e4 e5 2. Nf3 d6 3. d4 exd4 4. Nxd4 Nf6 5. Nc3 Be7 6. Nde2 O-O 7. g3 b5 8.
Bg2 Bb7 9. O-O b4 10. Nd5 Nbd7 11. Nef4 Nxd5 12. Nxd5 a5 13. a3 Nf6 14. Nxe7+
Qxe7 15. e5 Ne4 16. exd6 Qxd6 17. Qxd6 cxd6 18. Bf4 Rfc8 19. Rfe1 d5 20. f3 Nc5
21. axb4 axb4 22. Rxa8 Bxa8 23. Bh3 1-0